| 000 | 00608nam a22001577a 4500 | ||
|---|---|---|---|
| 999 |
_c14864 _d14864 |
||
| 008 | 200123b ||||| |||| 00| 0 eng d | ||
| 082 |
_22019 _aUT 1421 _bAr69 |
||
| 100 |
_aArranguez, Queencess _941253 |
||
| 245 |
_aServices Delivery of Banks and the Level of Customer Satisfaction in Digos City/ _cQueencess Arranguez & Reneña Del Pilar |
||
| 260 |
_aDigos City _bUMDC _cNovember 2019 |
||
| 300 |
_a61 pages _c30cm |
||
| 650 |
_aBusiness Administration _vFinancial Management _xUndergraduate Thesis _941254 |
||
| 700 |
_aArranguez. Queencess _941255 |
||
| 700 |
_aDel Pilar,Reneña _941256 |
||
| 942 |
_2ddc _cUT |
||